000 00546cab a2200217 4500
001 X875
008 090401t1993 xxu||||| |||| 00| 0 eng d
035 _a(Sirsi) u67965
041 _aeng
100 _aMurphy, J.
245 4 _aThe historical development of registration of title in Ireland
260 _c1993
350 _a0
490 _aSurveying World
_v1(5) July 1993, 11-13(3)
650 _aCADASTRE
650 _aEIRE
650 _aLAND REGISTRATION
690 _aPROPERTY LAW AND PRACTICE
942 _n0
948 _c04/03/1997
999 _c42597
_d42597